Preskúmanie pokročilých aplikácií GNU Radio platformy

Salvato in:
Dettagli Bibliografici
Autore principale: Jarabý, Šimon (Autore)
Altri autori: Szitkey, Viktor (Relatore della tesi)
Natura: Manoscritto Libro
Lingua:slovacco
Pubblicazione: Bratislava : STU v Bratislave FEI, 2025
Soggetti:
Accesso online:https://opac.crzp.sk/?fn=detailBiblioFormChildML688&sid=8D80AD18777FCC7F64B1BC4DC29E&seo=CRZP-detail-kniha
Tags: Aggiungi Tag
Nessun Tag, puoi essere il primo ad aggiungerne!!

MARC

LEADER 00000ntm a22000003a 4500
001 stuzp102031
003 SK-STU
005 20260205142040.4
007 ta
008 150427s2015----xo-----f-mn---000-0-slo-d
040 |a STU  |b slo 
041 0 |a slo 
044 |a xo 
100 1 |a Jarabý, Šimon  |u 037000  |4 aut  |U FEI Fakulta elektrotechniky a informatiky  |T FEI Ústav multimediálnych informačných a komunikačných technológií  |X 126569  |U E070  |Y 818  |7 126569 
242 0 1 |a Exploring Advanced Applications of SDR Platform GNU Radio  |y eng 
245 1 0 |a Preskúmanie pokročilých aplikácií GNU Radio platformy 
260 |a Bratislava :  |b STU v Bratislave FEI,  |c 2025 
300 |a 63 s. 
650 4 |a GNU Radio  |2 slo 
650 4 |a Softwarovo definované rádio (SDR)  |2 slo 
650 4 |a Out-of-Tree moduly  |2 slo 
650 4 |a GNU Radio  |2 eng 
650 4 |a Software-defined radio (SDR)  |2 eng 
650 4 |a Out-of-Tree modules  |2 eng 
700 1 |a Szitkey, Viktor  |u 037000  |k Z3  |4 ths  |U FEI Fakulta elektrotechniky a informatiky  |T FEI Ústav multimediálnych informačných a komunikačných technológií  |X 79762  |U E070  |Y 818  |7 79762 
856 4 |u https://opac.crzp.sk/?fn=detailBiblioFormChildML688&sid=8D80AD18777FCC7F64B1BC4DC29E&seo=CRZP-detail-kniha